| 000 | 00714nam a2200253Ia 4500 | ||
|---|---|---|---|
| 003 | OSt | ||
| 005 | 20220928111454.0 | ||
| 006 | a|||||r|||| 00| 0 | ||
| 007 | ta | ||
| 008 | 220927b |||||||| |||| 00| 0 hin d | ||
| 020 | _cINR 150.00 | ||
| 024 | _a137247 | ||
| 037 |
_b95, 26/02/2018, Kiran Book Service _cTextual |
||
| 040 |
_aSDCL _cSDCL _bhin |
||
| 041 |
_2hin _ahin |
||
| 082 | _aO152,3M76,16, Q1 | ||
| 100 |
_aChandra Sarat _9423808 |
||
| 245 | 0 | _aParinta | |
| 260 |
_aDelhi _bBimala Books _c2011 |
||
| 300 |
_a80p. _ccm. |
||
| 650 |
_aHindi _9391598 |
||
| 942 |
_hO152,3M76,16, Q1 _cTEXL _2CC |
||
| 999 |
_c740375 _d740375 |
||